Growth responses and economic production of residual dipterocarp stands to timber stand improvement (TSI) treatments

Bibliographic Details
Main Author: MANILA
Format: Book
Published: Los Banos, Philippines : University of the Philippines , 1989
Subjects:

MARC

LEADER 00000cam a2200000 7i4500
001 0000001729
005 20011107.0
090 0 0 |a 583.624   |b MAN 1989 
100 1 0 |a MANILA   |h Antonio C. 
245 1 0 |a Growth responses and economic production of residual dipterocarp stands to timber stand improvement (TSI) treatments   |c Antonio C. Manila 
260 0 0 |a Los Banos, Philippines :   |b University of the Philippines ,   |c 1989 
300 |a xx, 195 p. :   |b ill. ;   |c 28 cm. 
500 0 0 |a Bibliography : p. 136-140 
500 0 0 |a Thesis : Doctor of Philosophy , University of the Philippines (1989) 
650 0 0 |a Dipterocarpaceae   |x Economic aspects 
998 |a JPSM 
999 |a 0000002699   |b Monograph   |c Open Shelf   |e Default branch